市区町村名にない漢検10級配当の漢字 - Statistics

General Stats
  • This quiz has been taken 165 times
  • The average score is 6 of 16
Answers on the Grid
Answers color-coded by a green-red scale on the quiz's grid according to % correct below.
 
Answer Stats
Answer % Correct
63%
59%
49%
45%
42%
39%
38%
36%
36%
35%
30%
26%
25%
24%
15%
3%
No matching quizzes found
Score Distribution
Percent of People with Each Score
Percentile by Number Answered
Your Score History
You have not taken this quiz